000 00305nam a22001217a 4500
003 OSt
005 20260211122410.0
008 260211b |||||||| |||| 00| 0 eng d
040 _cFriends of Gideon Foundation
082 _a261.832
_bBYA
245 _aConfronting HIV/AIDS In Church Worship
942 _2ddc
_cBK
999 _c4160
_d4160